Guess the Batman Villians SUDDEN DEATH - Statistics

General Stats
  • This quiz has been taken 303 times
  • The average score is 7 of 16
Answers on the Grid
Answers color-coded by a green-red scale on the quiz's grid according to % correct below.
Mr. Freeze
Green Goblin
Azrael
Black Spider
Joker
Black Cat
Malekith
Two-Face
Dormammu
Darkseid
Penguin
Morbius
Amazo
Boomerang
Riddler
Braniac
Dr. Doom
Crazy Quilt
Chemistro
Egghead
Condiment King
Red Skull
Ra's Al Ghul
Doctor Cyber
Ultron
Calender Man
Magneto
Killmonger
Mr Beast
Black Mask
 
Answer Stats
Answer % Correct
Mr. Freeze
95%
Joker
91%
Penguin
73%
Two-Face
73%
Riddler
70%
Ra's Al Ghul
48%
Black Mask
41%
Condiment King
41%
Calender Man
40%
Azrael
39%
Darkseid
30%
Crazy Quilt
22%
Braniac
21%
Amazo
15%
Black Spider
10%
Doctor Cyber
2%
No matching quizzes found
Score Distribution
Percent of People with Each Score
Percentile by Number Answered
Your Score History
You have not taken this quiz